000 00211 a2200097 4500
001 52561
100 _aSilva Colin D
245 _aThe Winds of Sinhala
260 _aLondon
_bGranada
_c
090 _c33048
_d33048
942 _aNUST-CAE
_cM
_c25612
999 _c287634
_d287634